LEADER 01214nam a2200337 i 4500 001 991002857189707536 008 151116s2015 it 001 0 ita d 020 $a9788815252364 035 $ab14243969-39ule_inst 040 $aBibl. Interfacoltà T. Pellegrino$bita 041 $aita 044 $ait 082 04$a453.028 100 1 $aAprile, Marcello$0174933 245 10$aDalle parole ai dizionari /$cMarcello Aprile 250 $a3. ed. 260 $aBologna :$bIl mulino,$cc2015 300 $a248 p. ;$c22 cm 440 0$aItinerari$pLinguistica 504 $aBibliografia: p. 237242 650 4$aLingua italiana$xEtimologia 650 4$aLingua italiana$xLessico 650 4$aLingua italiana$vDizionari$xStoria 650 4$aLingua italiana$xLessicografia 907 $a.b14243969$b13-01-16$c17-11-15 912 $a991002857189707536 945 $aLE002 453.028 APR$g1$i2002001058408$lle002$op$pE21.00$q-$rl$s- $t0$u14$v6$w14$x0$y.i15703691$z17-11-15 945 $aLE002 453.028 APR$g2$i2002001059283$lle002$op$pE21.00$q-$rl$s- $t0$u8$v0$w8$x0$y.i15707210$z13-01-16 996 $aDalle parole ai dizionari$986116 997 $aUNISALENTO 998 $ale002$b16-11-15$cm$da $e-$fita$git $h0$i0 LEADER 03265 am 2200889 n 450 001 9910279589103321 005 20180126 010 $a2-84292-948-9 024 7 $a10.4000/books.puv.511 035 $a(CKB)4330000000406208 035 $a(FrMaCLE)OB-puv-511 035 $a(oapen)https://directory.doabooks.org/handle/20.500.12854/45833 035 $a(PPN)228930626 035 $a(EXLCZ)994330000000406208 100 $a20180626j|||||||| ||| 0 101 0 $afre 135 $auu||||||m|||| 181 $ctxt$2rdacontent 182 $cc$2rdamedia 183 $acr$2rdacarrier 200 10$aEdmond Jabès : l'éclosion des énigmes /$fCatherine Mayaux, Daniel Lançon 210 $aSaint-Denis $cPresses universitaires de Vincennes$d2018 215 $a1 online resource (304 p.) 311 $a2-84292-209-3 330 $aQuels territoires Edmond Jabès occupe-t-il dans notre patrimoine littéraire et intellectuel ? Après la Shoah, que signifie pour un lecteur d'aujourd'hui une ?uvre engagée dans la réflexion sur l'existence, le sens de l'écriture ou sa possibilité ? Le sentiment d'être de nulle part hante la vie et l'?uvre de Jabès. Marqué par les épreuves infligées aux juifs au cours du siècle, par l'exil loin des paysages d'Égypte qui ont formé son imaginaire, par l'antisémitisme de la France choisie comme terre d'accueil, ce poète « hors genre », à l'?uvre singulière et inclassable, a également connu l'exil au sein du champ littéraire de langue française. 517 $aEdmond Jabès  517 $aEdmond Jabès 517 $aEdmond Jabès 606 $aLiterature (General) 606 $apoésie 606 $aÉgypte 606 $aShoah 606 $aantisémitisme 606 $alittérature 606 $athéologie 606 $aJuifs 610 $aantisémitisme 610 $aJuifs 610 $apoésie 610 $aShoah 610 $aÉgypte 610 $alittérature 610 $athéologie 615 4$aLiterature (General) 615 4$apoésie 615 4$aÉgypte 615 4$aShoah 615 4$aantisémitisme 615 4$alittérature 615 4$athéologie 615 4$aJuifs 700 $aChitrit$b Armelle$01300272 701 $aCoen$b Abram$01300273 701 $aDebrauwere-Miller$b Nathalie$01300274 701 $aErbetz$b Carola$01300275 701 $aFenoglio$b Irène$0490834 701 $aFranke$b William$01175062 701 $aJaron$b Steven$01300276 701 $aKalfa$b Ariane$01300277 701 $aKaplan$b Edward K$0802290 701 $aKochmann$b René$01300278 701 $aLançon$b Daniel$01232897 701 $aLloze$b Évelyne$01290840 701 $aMasson$b Céline$01300279 701 $aMayaux$b Catherine$01240593 701 $aMole$b Gary D$01300280 701 $aObin$b Geoffrey$01300281 701 $aSabbah$b Danièle$01289435 701 $aSarfati$b Georges-Elia$0425344 701 $aStoddard$b Roger E$0176312 701 $aMayaux$b Catherine$01240593 701 $aLançon$b Daniel$01232897 801 0$bFR-FrMaCLE 906 $aBOOK 912 $a9910279589103321 996 $aEdmond Jabès : l'éclosion des énigmes$93025502 997 $aUNINA